000 00723nam a2200229Ii 4500
003 JO-AjNU
008 230605s9999||||xx |||||||||||||| ||und||
017 _a2002/12/2963
020 _a9957-24-091-9
040 _aJO-AjNU
_bara
_erda
_cJO-AjNU
041 _aara
050 1 4 _aT55.A 2003
100 3 _aالعقايلة ، محمود ذياب,
_eauthor
_97928
245 0 0 _aالادارة الحديثة للسلامة المهنية
250 _aط2
264 3 1 _aعمان:دار الصفاء للنشر ، 2003
300 _a324ص
336 _atext
_btxt
_2rdacontent
337 _aunmediated
_bn
_2rdamedia
338 _avolume
_bnc
_2rdacarrier
650 4 _aالسلامة المهنية-الادارة
_97929
999 _aA527
_c4095
_d4095